Particularly Vulnerable Tribal Groups (PVTGs) Of Odisha/ (Record no. 210650)

MARC details
000 -LEADER
fixed length control field 00727nam a22002057a 4500
005 - DATE AND TIME OF LATEST TRANSACTION
control field 20250924123557.0
010 ## - LCCN (DPL NO)
LC control number ENG-144413
020 ## - INTERNATIONAL STANDARD BOOK NUMBER
International Standard Book Number 9789380705453(VOL.III)
Terms of availability 550.00
035 ## - SYSTEM CONTROL NUMBER
System control number EN-127945
037 ## - SOURCE OF ACQUISITION
Source of stock number/acquisition DBAD
082 ## - DEWEY DECIMAL CLASSIFICATION NUMBER
Classification number 612.014
Edition number 1st
100 ## - MAIN ENTRY--PERSONAL NAME
Personal name Ota, A.B.
245 ## - TITLE STATEMENT
Title Particularly Vulnerable Tribal Groups (PVTGs) Of Odisha/
Statement of responsibility, etc A.B. Ota
Medium English
Remainder of title Volume III (Anthropology of Health & Medicine)
250 ## - EDITION STATEMENT
Edition statement 1st
260 ## - PUBLICATION, DISTRIBUTION, ETC. (IMPRINT)
Place of publication, distribution, etc Capital Business Service & Consultancy
Date of publication, distribution, etc 2015
270 ## - ADDRESS
Address Capital Business Service & Consultancy
City Bhubaneswar
Electronic mail address capital.aIpress@gamil.com
300 ## - PHYSICAL DESCRIPTION
Extent xiv, 280.p
Dimensions 25cm. (Hb)
700 ## - ADDED ENTRY--PERSONAL NAME
Personal name S.C. Mohanty
9 (RLIN) 80043
942 ## - ADDED ENTRY ELEMENTS (KOHA)
Source of classification or shelving scheme Dewey Decimal Classification
Item type English Books
Classification part 612.014
Call number suffix OTA
Edition 1
Holdings
Withdrawn status Lost status Not for loan Home library Current library Date acquired Source of acquisition Cost, normal purchase price Full call number Barcode Cost, replacement price Koha item type
      Central Jail Tihar Central Jail Tihar 02/04/2025 DBAD 550.00 612.014 OTA EN-127945 550.00 English Books

© Delhi Public Library
Hit Counter
free hit counter